[Event "Mecklenburg VP LL2 Ost 2223"]
[Site "Mecklenburg VP"]
[Date "2022.10.23"]
[Round "1.6"]
[White "Kloepzig, Lars Arvid"]
[Black "Van Bentum, Horst"]
[Result "1/2-1/2"]
[WhiteElo "1304"]
[BlackElo "1979"]
[PlyCount "42"]
[EventDate "2022.10.23"]
[EventType "team-tourn"]
[EventRounds "9"]
[EventCountry "GER"]
[SourceTitle "EXT 2024"]
[Source "ChessBase"]
[SourceDate "2023.10.10"]
[SourceVersion "1"]
[SourceVersionDate "2023.10.10"]
[SourceQuality "1"]
[WhiteTeam "Gryps SV"]
[BlackTeam "Graal Mueritz"]
[WhiteTeamCountry "GER"]
[BlackTeamCountry "GER"]

1. e4 e5 2. f4 exf4 3. Nf3 d5 4. e5 g5 5. h3 Bg7 6. d4 h6 7. Bb5+ c6 8. Bd3 Be6 9. b3 Ne7 10. Ba3 Nf5 11. Bxf5 Bxf5 12. Nbd2 Nd7 13. Qe2 Nf8 14. 0-0-0 Ne6 15. c4 Qa5 16. Kb2 0-0-0 17. cxd5 cxd5 18. Rc1+ Kd7 19. b4 Qb6 20. Nb3 Rc8 21. Nc5+ Nxc5 1/2-1/2

[Event "Mecklenburg VP-ch U12"]
[Site "Malchow"]
[Date "2018.02.07"]
[Round "1.3"]
[White "Kloepzig, Lars Arvid"]
[Black "Gressler, Christian"]
[Result "0-1"]
[WhiteElo "1329"]
[BlackElo "1290"]
[PlyCount "36"]
[EventDate "2018.02.07"]
[EventType "swiss"]
[EventRounds "7"]
[EventCountry "GER"]
[SourceTitle "EXT 2022"]
[Source "ChessBase"]
[SourceDate "2021.10.06"]
[SourceVersion "1"]
[SourceVersionDate "2021.10.06"]
[SourceQuality "1"]

1. e4 e6 2. b3 d5 3. e5 c5 4. Bb2 Nc6 5. Nf3 Be7 6. c3 f6 7. d4 Qb6 8. Qd3 a6 9. Nbd2 Bd7 10. g3 Rc8 11. Bg2 cxd4 12. cxd4 fxe5 13. dxe5 Nb4 14. Qb1 Nc2+ 15. Ke2 Nxa1 16. Qxa1 Bb5+ 17. Kd1 Qxf2 18. Rg1 Qe2# 0-1

[Event "Mecklenburg VP-ch Youth"]
[Site "Malchow"]
[Date "2017.02.08"]
[Round "5.2"]
[White "Kloepzig, Lars Arvid"]
[Black "Karff, Tom"]
[Result "1-0"]
[WhiteElo "1329"]
[BlackElo "995"]
[PlyCount "67"]
[EventDate "2017.02.08"]
[EventType "swiss"]
[EventRounds "7"]
[EventCountry "GER"]
[SourceTitle "EXT 2022"]
[Source "ChessBase"]
[SourceDate "2021.10.06"]
[SourceVersion "1"]
[SourceVersionDate "2021.10.06"]
[SourceQuality "1"]

1. e4 e5 2. Nf3 Nc6 3. Nc3 Nf6 4. Bb5 a6 5. Bxc6 dxc6 6. d3 Bc5 7. Nxe5 Qe7 8. Nf3 0-0 9. 0-0 Ng4 10. d4 Rd8 11. Bg5 f6 12. Bh4 Nh6 13. Qe2 Ba7 14. e5 Re8 15. d5 cxd5 16. Nxd5 Qd7 17. Rad1 Qd6 18. Nxf6+ gxf6 19. Rxd6 cxd6 20. Nd2 fxe5 21. Qh5 Re6 22. Bg5 Kg7 23. Ne4 Nf7 24. Kh1 Bd7 25. f4 Nxg5 26. fxg5 Bb5 27. Qf7+ Kh8 28. Nf6 Rxf6 29. gxf6 Rg8 30. Rf3 Bc6 31. Rg3 Rxg3 32. hxg3 Bxg2+ 33. Kxg2 Bd4 34. Qf8# 1-0

[Event "Mecklenburg VP-ch Youth"]
[Site "Malchow"]
[Date "2017.02.08"]
[Round "7.2"]
[White "Kloepzig, Lars Arvid"]
[Black "Schott, Andy"]
[Result "1-0"]
[WhiteElo "1329"]
[BlackElo "826"]
[PlyCount "53"]
[EventDate "2017.02.08"]
[EventType "swiss"]
[EventRounds "7"]
[EventCountry "GER"]
[SourceTitle "EXT 2022"]
[Source "ChessBase"]
[SourceDate "2021.10.06"]
[SourceVersion "1"]
[SourceVersionDate "2021.10.06"]
[SourceQuality "1"]

1. e4 e5 2. Nf3 Nc6 3. Nc3 Bc5 4. Nxe5 Nxe5 5. d4 Bxd4 6. Qxd4 d6 7. Bf4 f6 8. Bc4 Nxc4 9. Qxc4 Ne7 10. 0-0-0 f5 11. e5 Ng6 12. Rhe1 d5 13. Rxd5 Qe7 14. Red1 Be6 15. g3 Bxd5 16. Nxd5 Nxe5 17. Qxc7 Qxc7 18. Nxc7+ Kf7 19. Nxa8 Rxa8 20. Bxe5 Re8 21. Bd4 a6 22. Bc3 Kg6 23. Rd6+ Kg5 24. h3 Re2 25. f4+ Kh5 26. Bxg7 Rg2 27. Rh6# 1-0